| 000 | 00522nam a2200217Ia 4500 | ||
|---|---|---|---|
| 003 | 0100 | ||
| 008 | 130307s9999 xx 000 0 und d | ||
| 040 | _cARRUPELIB | ||
| 050 | _aB392.C13 1938 | ||
| 100 | _aCallaghan, William | ||
| 245 | 3 | _aAn outline of Plato's republic and dialogues | |
| 260 | _aBoston | ||
| 260 | _bStudent Outline Company | ||
| 260 | _c1938 | ||
| 300 | _aiv | ||
| 300 | _b224p. 23cm. | ||
| 440 | _aA Hymarx outline series | ||
| 650 | _aPHILOSOPHY | ||
| 650 | _bChristmas | ||
| 942 | 0 | 0 | _08 |
| 999 |
_c101102 _d101102 |
||